Flow analysis of injection molds /

Guardado en:
Autor Principal: Kennedy, Peter
Formato: Libro
Idioma:English
Publicado: Munich : Cincinnati : Hanser Publishers ; Hanser/Gardner Publications, c1995.
Materias:
Etiquetas: Agregar Etiqueta
Sin Etiquetas, Sea el primero en etiquetar este registro!
LEADER 00803pam a22002175a 4500
001 EIQ.libpla003576
008 950110s1995####gw#a#####b####001#0#eng#d
005 20080214183516.0
245 1 0 |a Flow analysis of injection molds /  |c Peter Kennedy. 
260 |a Munich :  |b Hanser Publishers ;  |a Cincinnati :  |b Hanser/Gardner Publications,  |c c1995. 
300 |a xv, 237 p. :  |b il. ;  |c 23 cm. 
504 |a Incluye referencias bibliográficas (p. 223-226) e índice. 
020 |a 1569901813 (Hanser/Gardner Publications) 
020 |a 3446180508 (Carl Hanser Verlag) 
100 1 |a Kennedy, Peter  |q (Peter K.) 
082 0 0 |a 668.4/12/0685  |2 20 
650 4 |a Plásticos  |x Moldeado. 
650 4 |a Plastics  |x Molding. 
010 |a  95002593  
040 |a DLC  |c DLC  |d AR-BbSID 
859 |a AR-BbSID  |b BIB. PLAPIQUI  |h 668.412  |i K 457  |p 4732